[Event "AUT-chT2S 9900"]
[Site "Austria"]
[Date "2000.03.19"]
[Round "11.1"]
[White "Schroecker, Hans Peter"]
[Black "Beck, Hartmuth"]
[Result "1-0"]
[WhiteElo "2315"]
[BlackElo "2235"]
[PlyCount "79"]
[EventDate "1999.10.??"]
[EventType "team"]
[EventRounds "11"]
[EventCountry "AUT"]
[SourceTitle "EXT 2002"]
[Source "ChessBase"]
[SourceDate "2001.11.25"]
[SourceVersion "1"]
[SourceVersionDate "2001.11.25"]
[SourceQuality "1"]

1. g3 f5 2. Bg2 Nf6 3. c4 g6 4. Nc3 Bg7 5. e3 0-0 6. Nge2 d6 7. 0-0 c6 8. d3 a5 9. a3 Nbd7 10. Rb1 e5 11. b4 axb4 12. axb4 Nb6 13. b5 c5 14. Bd2 Qe7 15. Ra1 Be6 16. Qc2 Bf7 17. e4 fxe4 18. Nxe4 Nxe4 19. Bxe4 Be6 20. Ba5 d5 21. Bg2 Qd8 22. Bxb6 Rxa1 23. Rxa1 Qxb6 24. cxd5 Bd7 25. Nc3 c4 26. Ra2 Qd4 27. dxc4 Qxc4 28. Ne4 Qb4 29. h3 Bf5 30. Qe2 Rc8 31. Kh2 h6 32. Rc2 Rxc2 33. Qxc2 Qxb5 34. g4 Bd7 35. Qc7 Qa4 36. Qd8+ Kh7 37. Bf3 Be8 38. d6 Kh8 39. Nc5 Qf4+ 40. Kg2 1-0

[Event "AUT-chT2S 9900"]
[Site "Austria"]
[Date "2000.03.18"]
[Round "10.1"]
[White "Ceschia, Ivano"]
[Black "Schroecker, Hans Peter"]
[Result "1-0"]
[WhiteElo "2330"]
[BlackElo "2315"]
[PlyCount "41"]
[EventDate "1999.10.??"]
[EventType "team"]
[EventRounds "11"]
[EventCountry "AUT"]
[SourceTitle "EXT 2002"]
[Source "ChessBase"]
[SourceDate "2001.11.25"]
[SourceVersion "1"]
[SourceVersionDate "2001.11.25"]
[SourceQuality "1"]

1. e4 c5 2. Nf3 Nc6 3. d4 cxd4 4. Nxd4 e6 5. Nc3 Qc7 6. Be2 a6 7. 0-0 Nf6 8. Be3 Bb4 9. Nxc6 bxc6 10. Qd4 c5 11. Qc4 Bb7 12. Bf3 h5 13. e5 Ng4 14. Bxb7 Qxb7 15. Ne4 Nxe5 16. Nd6+ Ke7 17. Qf4 Kxd6 18. Rfd1+ Ke7 19. Qxe5 c4 20. a3 f6 21. Qg3 1-0

[Event "AUT-chT2S 9899"]
[Site "Austria"]
[Date "1999.03.07"]
[Round "8.1"]
[White "Pilaj, Herwig"]
[Black "Schroecker, Hans Peter"]
[Result "0-1"]
[WhiteElo "2215"]
[BlackElo "2315"]
[PlyCount "76"]
[EventDate "1998.10.??"]
[EventType "team"]
[EventRounds "11"]
[EventCountry "AUT"]
[SourceTitle "EXT 2001"]
[Source "ChessBase"]
[SourceDate "2000.11.22"]
[SourceVersion "1"]
[SourceVersionDate "2000.11.22"]
[SourceQuality "1"]

1. e4 c5 2. Nf3 Nc6 3. d4 cxd4 4. Nxd4 e6 5. Nc3 Qc7 6. g3 a6 7. Bg2 Nf6 8. 0-0 d6 9. Re1 Rb8 10. Be3 Be7 11. Qe2 0-0 12. a4 Re8 13. h3 Bd7 14. g4 Nxd4 15. Bxd4 Bc6 16. f4 e5 17. fxe5 dxe5 18. Be3 h6 19. Nd5 Bxd5 20. exd5 Bc5 21. Rac1 b5 22. axb5 axb5 23. Qf2 Bxe3 24. Rxe3 Rbd8 25. Rc3 Qb8 26. Rd1 e4 27. Qc5 Re5 28. Qc7 Rexd5 29. Rxd5 Qxc7 30. Rxc7 Rxd5 31. Kf2 Rd2+ 32. Kg3 h5 33. Bf1 g5 34. gxh5 Kg7 35. Bxb5 Nxh5+ 36. Kg4 Kg6 37. Rc6+ f6 38. h4 Rg2+ 0-1

[Event "AUT-chT2S 9798"]
[Site "Austria"]
[Date "1998.03.14"]
[Round "10"]
[White "Schroecker, Hans Peter"]
[Black "Meyer, Paul"]
[Result "1-0"]
[WhiteElo "2205"]
[BlackElo "2245"]
[PlyCount "53"]
[EventDate "1997.??.??"]
[EventType "team"]
[EventRounds "11"]
[EventCountry "AUT"]
[SourceTitle "EXT 1999"]
[Source "ChessBase"]
[SourceDate "1998.11.16"]
[SourceVersion "1"]
[SourceVersionDate "1998.11.16"]
[SourceQuality "1"]

1. c4 e6 2. Nf3 Nf6 3. g3 d5 4. Bg2 c5 5. 0-0 Nc6 6. d4 cxd4 7. Nxd4 e5 8. Nxc6 bxc6 9. Nc3 e4 10. Bg5 Bb4 11. Bxf6 gxf6 12. Nxd5 cxd5 13. Qa4+ Bd7 14. Qxb4 Rb8 15. Qd6 dxc4 16. Bxe4 Rb6 17. Qd4 Qe7 18. Rfd1 Be6 19. Bc2 Rg8 20. Bxh7 Rg4 21. Qc3 Rb5 22. Qf3 Kf8 23. Qa8+ Kg7 24. Qg8+ Kh6 25. Qh8 Rh5 26. Be4+ Kg5 27. Qg7# 1-0

[Event "AUT-chT2S 9798"]
[Site "Austria"]
[Date "1997.11.15"]
[Round "3"]
[White "Schroecker, Hans Peter"]
[Black "Beck, Hartmuth"]
[Result "1-0"]
[WhiteElo "2205"]
[BlackElo "2225"]
[PlyCount "63"]
[EventDate "1997.??.??"]
[EventType "team"]
[EventRounds "11"]
[EventCountry "AUT"]
[SourceTitle "EXT 1999"]
[Source "ChessBase"]
[SourceDate "1998.11.16"]
[SourceVersion "1"]
[SourceVersionDate "1998.11.16"]
[SourceQuality "1"]

1. g3 g6 2. Bg2 Bg7 3. d4 c5 4. dxc5 Qa5+ 5. c3 Qxc5 6. Nf3 Nf6 7. 0-0 0-0 8. Be3 Qh5 9. h3 d6 10. Ng5 h6 11. Bf3 Qxg5 12. Bxg5 hxg5 13. Kg2 Nbd7 14. Nd2 Ne5 15. g4 d5 16. e3 Bd7 17. Be2 Bc6 18. Kg1 Ne4 19. f4 Nxd2 20. Qxd2 Nc4 21. Bxc4 dxc4 22. Qe2 b5 23. fxg5 Be5 24. a4 a6 25. axb5 axb5 26. e4 Rad8 27. Rfd1 Kg7 28. h4 Bg3 29. h5 Bf4 30. Qf2 Rxd1+ 31. Rxd1 e5 32. Qc5 1-0

[Event "AUT-chT2S 9697"]
[Site "Austria"]
[Date "1997.??.??"]
[Round "10"]
[White "Kotz, Heinz Peter"]
[Black "Schroecker, Hans Peter"]
[Result "1/2-1/2"]
[WhiteElo "2220"]
[BlackElo "2275"]
[PlyCount "48"]
[EventDate "1996.??.??"]
[EventType "team"]
[EventRounds "11"]
[EventCountry "AUT"]
[SourceTitle "EXT 1999"]
[Source "ChessBase"]
[SourceDate "1998.11.16"]
[SourceVersion "1"]
[SourceVersionDate "1998.11.16"]
[SourceQuality "1"]

1. e4 c5 2. Nf3 Nc6 3. d4 cxd4 4. Nxd4 e6 5. Nc3 Qc7 6. Be3 a6 7. Be2 Nf6 8. 0-0 Bb4 9. Nxc6 bxc6 10. Na4 Rb8 11. Bd3 Be7 12. f4 d6 13. c4 c5 14. Kh1 Bb7 15. Nc3 0-0 16. Qf3 Bc6 17. b3 Qb7 18. Rae1 Rbd8 19. Bc1 d5 20. cxd5 exd5 21. e5 d4 22. Ne4 Nxe4 23. Bxe4 Bxe4 24. Rxe4 f5 1/2-1/2

[Event "AUT-chT2S 9596"]
[Site "Austria"]
[Date "1996.??.??"]
[Round "?"]
[White "Janisch, Robert"]
[Black "Schroecker, Hans Peter"]
[Result "1-0"]
[WhiteElo "2075"]
[BlackElo "2150"]
[PlyCount "64"]
[EventDate "1995.??.??"]
[EventType "team-tourn"]
[EventRounds "11"]
[EventCountry "AUT"]
[SourceTitle "EXT 1999"]
[Source "ChessBase"]
[SourceDate "1998.11.16"]
[SourceVersion "1"]
[SourceVersionDate "1998.11.16"]
[SourceQuality "1"]

1. d4 Nf6 2. c4 e6 3. Nc3 Bb4 4. Qc2 c5 5. dxc5 0-0 6. Nf3 Na6 7. a3 Bxc3+ 8. Qxc3 Nxc5 9. Bg5 Nfe4 10. Bxd8 Nxc3 11. Be7 Nb3 12. Bxf8 Kxf8 13. Rd1 Nxd1 14. Kxd1 a5 15. Kc2 a4 16. e3 b6 17. Nd4 Nc5 18. f3 Ba6 19. Kc3 e5 20. Nc2 Rc8 21. Nb4 Bb7 22. Nd3 d5 23. Kb4 Na6+ 24. Kb5 e4 25. fxe4 dxe4 26. Nb4 Nc5 27. Kxb6 Ba8 28. Be2 Nd7+ 29. Ka7 Bc6 30. Nxc6 Rc7+ 31. Ka6 Rxc6+ 32. Ka5 Rb6 1-0

[Event "AUT-chT2S 9697"]
[Site "Austria"]
[Date "1996.??.??"]
[Round "2"]
[White "Schroecker, Hans Peter"]
[Black "Probat, Bernd"]
[Result "1-0"]
[WhiteElo "2155"]
[BlackElo "2220"]
[PlyCount "131"]
[EventDate "1996.??.??"]
[EventType "team"]
[EventRounds "11"]
[EventCountry "AUT"]
[SourceTitle "EXT 1999"]
[Source "ChessBase"]
[SourceDate "1998.11.16"]
[SourceVersion "1"]
[SourceVersionDate "1998.11.16"]
[SourceQuality "1"]

1. g3 c5 2. Bg2 Nc6 3. e4 e6 4. d3 g6 5. f4 d5 6. Nd2 Bg7 7. Nh3 Nge7 8. 0-0 b6 9. e5 a5 10. Nf2 Ra7 11. Nf3 Ba6 12. Re1 h5 13. Bd2 Rd7 14. Bf1 Nf5 15. c3 Bf8 16. Qc2 Be7 17. a3 Bb7 18. Rad1 Kf8 19. Bg2 Kg7 20. Bc1 Qa8 21. Nh1 b5 22. Qe2 Rhd8 23. d4 b4 24. h3 Qa7 25. Qf2 Rh8 26. g4 hxg4 27. hxg4 Nh4 28. Ng3 Nxf3+ 29. Bxf3 cxd4 30. cxd4 Bh4 31. Be3 Rdd8 32. Kg2 Ne7 33. Rc1 Rc8 34. Rxc8 Bxc8 35. Rc1 Ba6 36. f5 exf5 37. gxf5 gxf5 38. Qc2 Bxg3 39. Kxg3 Rc8 40. Qd2 Rxc1 41. Qxc1 Qb6 42. Qd2 bxa3 43. bxa3 Bc4 44. Bg5 Ng8 45. Bf6+ Nxf6 46. Qg5+ Kh8 47. Qh6+ Kg8 48. exf6 Qb8+ 49. Qf4 Qf8 50. Qg5+ Kh8 51. Kh4 Qg8 52. Qh6+ Qh7 53. Kg5 f4 54. Qf8+ Qg8+ 55. Qxg8+ Kxg8 56. Kxf4 Kh7 57. Bh5 Kg8 58. Ke5 Kf8 59. Kd6 Ke8 60. Bf3 Kd8 61. Bxd5 Bxd5 62. Kxd5 Kd7 63. Kc5 Ke6 64. Kc6 Kxf6 65. d5 Ke7 66. Kc7 1-0

[Event "AUT-chT2S 9697"]
[Site "Austria"]
[Date "1996.??.??"]
[Round "3"]
[White "Smole, Albert"]
[Black "Schroecker, Hans Peter"]
[Result "0-1"]
[WhiteElo "2160"]
[BlackElo "2220"]
[PlyCount "136"]
[EventDate "1996.??.??"]
[EventType "team"]
[EventRounds "11"]
[EventCountry "AUT"]
[SourceTitle "EXT 1999"]
[Source "ChessBase"]
[SourceDate "1998.11.16"]
[SourceVersion "1"]
[SourceVersionDate "1998.11.16"]
[SourceQuality "1"]

1. e4 c5 2. c3 d5 3. exd5 Qxd5 4. d4 Nf6 5. Nf3 Bg4 6. Be2 e6 7. 0-0 cxd4 8. cxd4 Nc6 9. Nc3 Qd6 10. Be3 Be7 11. Qb3 0-0 12. a3 Rfd8 13. Rac1 Rab8 14. Rfd1 Nd5 15. Ne4 Qc7 16. h3 Bh5 17. Ng3 Bg6 18. Ne5 Rbc8 19. Nxg6 hxg6 20. Ne4 Qb6 21. Qxb6 axb6 22. Rc2 Nxd4 23. Rxc8 Nxe2+ 24. Kf1 Rxc8 25. Kxe2 f5 26. Nd2 Bf6 27. Nf3 Bxb2 28. Rd3 Rc2+ 29. Kf1 Rc3 30. Rxc3 Bxc3 31. Ng5 Nxe3+ 32. fxe3 e5 33. a4 Kf8 34. Ke2 e4 35. Ne6+ Kf7 36. Nc7 Bb4 37. Kd1 Bc5 38. Ke2 Ke7 39. Nd5+ Ke6 40. Nf4+ Kf6 41. Nd5+ Ke5 42. Nc7 Bd6 43. Nb5 Kd5 44. Kd2 Be5 45. Na7 Kc5 46. Nc8 Bd6 47. Kc3 b5 48. axb5 Bf8 49. b6 Kd5 50. h4 Bc5 51. Kd2 Kc6 52. Ke2 Kd7 53. Na7 Bxb6 54. Nb5 Kc6 55. Nc3 Bd8 56. g3 b5 57. Nb1 b4 58. Nd2 Kb5 59. Kd1 Bb6 60. Nf1 Kc4 61. Kc2 b3+ 62. Kb2 Ba5 63. Kb1 Bc3 64. g4 Kd3 65. gxf5 gxf5 66. h5 Be5 67. h6 gxh6 68. Nd2 b2 0-1

[Event "AUT-chT2S 9596"]
[Site "Austria"]
[Date "1995.??.??"]
[Round "?"]
[White "Hrastnik, Horst"]
[Black "Schroecker, Hans Peter"]
[Result "0-1"]
[WhiteElo "2205"]
[BlackElo "2085"]
[PlyCount "90"]
[EventDate "1995.??.??"]
[EventType "team-tourn"]
[EventRounds "11"]
[EventCountry "AUT"]
[SourceTitle "EXT 1999"]
[Source "ChessBase"]
[SourceDate "1998.11.16"]
[SourceVersion "1"]
[SourceVersionDate "1998.11.16"]
[SourceQuality "1"]

1. e4 c5 2. c3 d5 3. exd5 Qxd5 4. d4 Nf6 5. Nf3 Bg4 6. Be2 e6 7. 0-0 Nc6 8. h3 Bh5 9. Be3 cxd4 10. cxd4 Be7 11. Nc3 Qd6 12. a3 0-0 13. b4 Rac8 14. Qd2 Rfd8 15. Rfd1 Nd5 16. Ne4 Qb8 17. b5 Nxe3 18. Qxe3 Na5 19. Nc5 Qd6 20. a4 b6 21. Ne4 Qd5 22. Ng3 Bg6 23. Ne5 Bc2 24. Bf3 Qb3 25. Re1 Bb4 26. Qf4 f6 27. Ng4 Bxe1 28. Rxe1 Qc4 29. Nh5 Qxd4 30. Nhxf6+ gxf6 31. Nxf6+ Kg7 32. Qg5+ Bg6 33. Ng4 Rd7 34. Re5 Rf8 35. Rxe6 Qf4 36. Re7+ Rxe7 37. Qxe7+ Rf7 38. Qa3 h5 39. Qc3+ Kh7 40. Ne3 Rc7 41. Qd2 Nc4 42. Nxc4 Qxc4 43. Qd6 Qc5 44. Qg3 Qc1+ 45. Kh2 Rf7 0-1

[Event "AUT-chT2S 9596"]
[Site "Austria"]
[Date "1995.??.??"]
[Round "?"]
[White "Schroecker, Hans Peter"]
[Black "Deutsch, Ludwig"]
[Result "0-1"]
[WhiteElo "2155"]
[BlackElo "2225"]
[PlyCount "71"]
[EventDate "1995.??.??"]
[EventType "team-tourn"]
[EventRounds "11"]
[EventCountry "AUT"]
[SourceTitle "EXT 1999"]
[Source "ChessBase"]
[SourceDate "1998.11.16"]
[SourceVersion "1"]
[SourceVersionDate "1998.11.16"]
[SourceQuality "1"]

1. g3 f5 2. Bg2 Nf6 3. c4 e5 4. Nc3 Nc6 5. e3 d6 6. Nge2 g6 7. 0-0 Bg7 8. Rb1 0-0 9. b4 a6 10. d3 Ne7 11. f4 c6 12. b5 axb5 13. cxb5 Be6 14. a4 Bf7 15. Qd2 Re8 16. fxe5 dxe5 17. bxc6 bxc6 18. Ba3 Ned5 19. e4 Nxc3 20. Qxc3 fxe4 21. Bxe4 Bd5 22. Bxd5+ Qxd5 23. Rb7 Rab8 24. Rfb1 Rxb7 25. Rxb7 Qf3 26. Qc4+ Kh8 27. Qf7 Rg8 28. Bb2 Qxe2 29. a5 Qxd3 30. a6 Qxa6 31. Bxe5 c5 32. Rc7 Qb6 33. Rb7 Qc6 34. Rc7 Qf3 35. Rxc5 Qe3+ 36. Kg2 0-1

[Event "AUT-chT2S 9596"]
[Site "Austria"]
[Date "1995.??.??"]
[Round "?"]
[White "Schroecker, Hans Peter"]
[Black "Kuess, Mario"]
[Result "1-0"]
[WhiteElo "2150"]
[BlackElo "2100"]
[PlyCount "79"]
[EventDate "1995.??.??"]
[EventType "team-tourn"]
[EventRounds "11"]
[EventCountry "AUT"]
[SourceTitle "EXT 1999"]
[Source "ChessBase"]
[SourceDate "1998.11.16"]
[SourceVersion "1"]
[SourceVersionDate "1998.11.16"]
[SourceQuality "1"]

1. g3 Nf6 2. Bg2 g6 3. d4 c5 4. dxc5 Qa5+ 5. Nc3 Qxc5 6. e4 d6 7. Nge2 Bg7 8. Be3 Qa5 9. h3 Nc6 10. 0-0 0-0 11. a4 a6 12. Nd5 Nxd5 13. exd5 Ne5 14. b3 Qc7 15. c4 Nd7 16. Ra2 Nf6 17. a5 Nd7 18. Nd4 b6 19. axb6 Nxb6 20. Nc6 Bb7 21. Nxe7+ Qxe7 22. Bxb6 Rfe8 23. Qd3 Rab8 24. Ba7 Rbc8 25. Be3 Rb8 26. Ba7 Ra8 27. Bd4 Bc8 28. Bxg7 Kxg7 29. c5 Qe5 30. c6 Bf5 31. Qc4 a5 32. g4 Bc8 33. Rd1 Ba6 34. Qd4 Qxd4 35. Rxd4 Re1+ 36. Kh2 Rb8 37. Rxa5 Bc8 38. b4 Rb1 39. c7 Rb7 40. Rc4 1-0

[Event "AUT-chT2S 9596"]
[Site "Austria"]
[Date "1995.??.??"]
[Round "?"]
[White "Waldmann, Gerald"]
[Black "Schroecker, Hans Peter"]
[Result "0-1"]
[WhiteElo "2175"]
[BlackElo "2150"]
[PlyCount "56"]
[EventDate "1995.??.??"]
[EventType "team-tourn"]
[EventRounds "11"]
[EventCountry "AUT"]
[SourceTitle "EXT 1999"]
[Source "ChessBase"]
[SourceDate "1998.11.16"]
[SourceVersion "1"]
[SourceVersionDate "1998.11.16"]
[SourceQuality "1"]

1. e4 c5 2. c3 d5 3. exd5 Qxd5 4. d4 Nf6 5. Nf3 Bg4 6. Be2 e6 7. 0-0 Nc6 8. h3 Bh5 9. Be3 cxd4 10. cxd4 Be7 11. Nc3 Qd6 12. a3 0-0 13. Qb3 Rfd8 14. Rfd1 a6 15. Qa2 Nd5 16. Nxd5 exd5 17. b4 Re8 18. Rac1 Bf6 19. Qd2 Re6 20. Re1 Rae8 21. g4 Bg6 22. Bf4 Qe7 23. Kf1 Nxd4 24. Nxd4 Bxd4 25. Rc7 Qf6 26. g5 Qf5 27. Qxd4 Qxh3+ 28. Kg1 Be4 0-1

[Event "Secondario 15th"]
[Site "Caorle"]
[Date "1990.07.13"]
[Round "7.20"]
[White "Belvisi, Ivano"]
[Black "Schroecker, Hans Peter"]
[Result "0-1"]
[WhiteElo "1900"]
[BlackElo "2000"]
[PlyCount "78"]
[EventDate "1990.07.07"]
[EventType "swiss"]
[EventRounds "8"]
[EventCountry "ITA"]
[SourceTitle "EXT 2023"]
[Source "ChessBase"]
[SourceDate "2022.10.05"]
[SourceVersion "1"]
[SourceVersionDate "2022.10.05"]
[SourceQuality "1"]

1. e4 c5 2. Nf3 d6 3. c3 Nf6 4. Bd3 Bg4 5. h3 Bxf3 6. Qxf3 Nc6 7. Bc2 g6 8. 0-0 Bg7 9. Rd1 d5 10. exd5 Qxd5 11. Qxd5 Nxd5 12. Na3 0-0-0 13. g3 Rd7 14. Nc4 Rhd8 15. a4 Bh6 16. Be4 e5 17. Re1 f6 18. b3 Kc7 19. Ba3 b6 20. Rab1 Bxd2 21. Nxd2 Nxc3 22. Bxc6 Kxc6 23. Nc4 Nxb1 24. Rxb1 Rd1+ 25. Rxd1 Rxd1+ 26. Kg2 Rd3 27. Bc1 Rxb3 28. Nb2 a6 29. Kf1 b5 30. axb5+ axb5 31. Ke2 c4 32. Kd1 Kd5 33. Kc2 Rf3 34. Nd1 b4 35. Bh6 f5 36. h4 Ke4 37. Bf8 b3+ 38. Kd2 Rd3+ 39. Ke2 c3 0-1

[Event "Secondario 15th"]
[Site "Caorle"]
[Date "1990.07.11"]
[Round "5.18"]
[White "Zacco, Remo"]
[Black "Schroecker, Hans Peter"]
[Result "1-0"]
[WhiteElo "1776"]
[BlackElo "2000"]
[PlyCount "63"]
[EventDate "1990.07.07"]
[EventType "swiss"]
[EventRounds "8"]
[EventCountry "ITA"]
[SourceTitle "EXT 2023"]
[Source "ChessBase"]
[SourceDate "2022.10.05"]
[SourceVersion "1"]
[SourceVersionDate "2022.10.05"]
[SourceQuality "1"]

1. e4 c5 2. Nc3 Nc6 3. Bc4 e6 4. f4 g6 5. Nf3 Bg7 6. 0-0 Nge7 7. Qe2 0-0 8. d3 a6 9. a4 d6 10. Nd1 Rb8 11. Nf2 b5 12. axb5 axb5 13. Bb3 Na5 14. Ba2 b4 15. e5 b3 16. cxb3 Nxb3 17. Bxb3 Rxb3 18. Ne4 dxe5 19. fxe5 Nf5 20. Nxc5 Qb6 21. d4 Nxd4 22. Nxd4 Qxc5 23. Be3 Rb8 24. Nxe6 Qxe5 25. Nxf8 Rxb2 26. Qf3 Bb7 27. Qxf7+ Kh8 28. Bf2 Bd5 29. Ne6 Bxe6 30. Ra8+ Rb8 31. Rxb8+ Qxb8 32. Qxe6 1-0

[Event "Secondario 15th"]
[Site "Caorle"]
[Date "1990.07.09"]
[Round "3.15"]
[White "Rossi, Gianni"]
[Black "Schroecker, Hans Peter"]
[Result "1/2-1/2"]
[WhiteElo "1800"]
[BlackElo "2000"]
[PlyCount "136"]
[EventDate "1990.07.07"]
[EventType "swiss"]
[EventRounds "8"]
[EventCountry "ITA"]
[SourceTitle "EXT 2023"]
[Source "ChessBase"]
[SourceDate "2022.10.05"]
[SourceVersion "1"]
[SourceVersionDate "2022.10.05"]
[SourceQuality "1"]

1. d4 Nf6 2. Nf3 c5 3. e3 e6 4. Bd3 Be7 5. Nbd2 0-0 6. 0-0 b6 7. Qe2 Bb7 8. c3 d5 9. Ne5 Nc6 10. f4 Nd7 11. Qh5 f5 12. Nxd7 Qxd7 13. Nf3 a5 14. Bd2 Ba6 15. Bxa6 Rxa6 16. Ng5 Bxg5 17. Qxg5 Nd8 18. Rf3 Nf7 19. Qh4 Nd6 20. Raf1 Ne4 21. Bc1 c4 22. Rh3 g6 23. g4 Ra7 24. Kh1 Qa4 25. gxf5 exf5 26. Rg1 Rg7 27. Qe1 Qxa2 28. Rh6 Qa4 29. Rg2 b5 30. Qg1 Rff7 31. Bd2 b4 32. Be1 bxc3 33. Bxc3 Nxc3 34. bxc3 Qc6 35. h4 Rf6 36. h5 a4 37. Qa1 Rf8 38. Rb2 Ra7 39. hxg6 hxg6 40. Rbh2 Rff7 41. Qg1 Rg7 42. Qg5 Ra8 43. Rh8+ Kf7 44. R8h7 Qf6 45. Qg2 Ke6 46. Qb2 Ra6 47. Qb5 Rd6 48. Rxg7 Qxg7 49. Qe8+ Qe7 50. Qxg6+ Kd7 51. Qxf5+ Qe6 52. Rh7+ Kc6 53. Qb1 Rd7 54. Rh8 Rb7 55. Qc2 Qe4+ 56. Qxe4 dxe4 57. Rc8+ Kd6 58. Rxc4 Rb3 59. Rxa4 Rxc3 60. Ra6+ Kd5 61. Ra5+ Kd6 62. Re5 Rxe3 63. Kg2 Ra3 64. Rxe4 Kd5 65. Re1 Kxd4 66. Rf1 Kd5 67. Rf3 Rxf3 68. Kxf3 Ke6 1/2-1/2